| 000 | 00526nam a22002057a 4500 | ||
|---|---|---|---|
| 003 | BR-BrBNA | ||
| 005 | 20230823150538.0 | ||
| 008 | 230823b bl.||||| |||| 00| 0 por d | ||
| 040 |
_aBR-BrBNA _bpor |
||
| 041 | _apor | ||
| 072 | _aR03 | ||
| 100 | _aSilva, Leonídio Balbino da. | ||
| 245 | _aBiblioteca da Língua Portuguêsa / | ||
| 260 |
_aSão Paulo - SP: _bLivros Irradiantes, _c1971. |
||
| 650 | _aDICIONARIO | ||
| 650 | _aLINGUA PORTUGUESA | ||
| 909 |
_a08/2023 _bSarah |
||
| 942 | _cBK | ||
| 999 |
_c9867 _d9867 |
||